02264nam a2200265 a 4500001000200000003000900002005001700011007000200028008004000030040002200070082003100092100004400123245008700167250000600254260012900260300002000389490006500409500007500474505115200549533008101701586008201782600003501864651006501899830003401964 DO-SdBNP20220718135250.0 100825s1975 dr c 000 0bspa d aBPMSUbspacBPMSU a923.57293bL965R, 19752221 aRodríguez Objío, Manuel d1838-187110aGregorio Luperón e historia de la restauración /c Manuel Rodríguez Objío  a  aSantiago de los Caballeros, República Dominicana :b Sociedad Dominicana de Bibliófilos ;bEditora Santo Domingo, c1975 av. :b c24 cm. a Sociedad Dominicana de Bibliófilos, aCultura dominicana  3Incluye referencias bibliográficas y notas al pie de las páginas 0 aPresentación / Porfirio García Fernández -- Manuel Rodríguez Objío: precursor de la historia nacional / Roberto Cassá -- Nota biográfica / Luis E. Alemar -- Dos cartas -- Prólogo -- Introducción -- Antes de 1863 -- Primer episodio de la restauración -- El 16 de agosto -- Gobierno provisorio de Salcedo -- Campaña de Baní -- La confinación de Luperón a Sabaneta -- Segunda campaña del Este -- Documentos, campaña de Este -- Muerte de Salcedo -- Dictadura del gobierno de Polanco -- Un artículo del Boletín Oficial -- La primera reforma reaccionaria -- La segunda República -- Luperón en el destierro -- Presentación -- Manuel Rodríguez Objío precursor de la historia nacional -- Relaciones con Haití -- El Triunvirato en Santo Domingo: su renuncia -- El Partido Nacional en el poder -- Los baecistas derrocan a Cabral -- Contrarrevolución de los proscritos -- Luperón dirige el movimiento nacionalista -- Proyectos, intrigas y desavenencias -- Actividades de la causa nacional -- Odisea y complicaciones del "Telégrafo" -- Agitaciones contra la anexión a los Estados Unidos -- Post scriptum. aFacsímil: bSantiago, República Dominicana:cEditorial El Diario,d1939 aPrimer Premio en el Concurso de Historia del Centenario de la Restauración.14aLuperón Guegorio d1839-1897 4aRepública Dominicana xHistoria yRestauración, 863-1865 pBiblioteca juvenil Tobogán